Quiz sur l'Allemagne - Statistiques

Statistiques générales
  • Ce quiz a été pris 16 647 fois
  • Le résultat moyen est 13 sur 22
Statistiques - réponses
Question Réponse % Correct
Capitale politique Berlin
100%
Nom de l'Allemagne en allemand Deutschland
93%
Équivalent du Premier Ministre Chancelier fédéral
85%
Plus longues rivières (longueur du cours situé en Allemagne) Rhin
83%
État dont Munich est la capitale Bavière
81%
Ville accueillant le siège de la Banque Centrale Européenne Francfort-sur-le-Main
78%
Célèbres collecteurs de contes Frères {Grimm}
77%
Animal figurant sur les armoiries Aigle
69%
Fête munichoise de la bière Oktoberfest
69%
Devise monétaire, avant l'euro Deutsche Mark
68%
Championnat de football Bundesliga
66%
Ancien pays allemand dirigé par Frédéric le Grand Prusse
61%
Plus longues rivières (longueur du cours situé en Allemagne) Danube
59%
Principale ethnie non-germanique Turque
57%
Compagnie aérienne nationale Lufthansa
56%
Système autoroutier allemand Autobahn
53%
Capitale de l'Allemagne de l'Ouest (1949 - 1990) Bonn
46%
Parlement fédéral allemand Bundestag
45%
Ministre-président de ce pays (1862 - 1890) Otto von Bismarck
34%
Écrivain français qui y possédait une chambre Voltaire
24%
Plus longues rivières (longueur du cours situé en Allemagne) Elbe
23%
Palais d'été de ce roi, à Potsdam Palais de {Sanssouci}
13%
Aucun quiz correspondant
Distribution des résultats
% des personnes avec chaque résultat
Percentile par nombre de réponses
Votre historique - résultats
Vous n’avez pas pris ce quiz